000 01780nam a2200469 i 4500
001 65808
003 FINmELB
005 20241217142651.0
006 m o u
007 cr cn|||||||||
008 210225s2018 ck ob 000 0 spa d
020 _z9789588869971
035 _a(OCoLC)1241985081
040 _aFINmELB
_bspa
_erda
_cFINmELB
050 1 4 _aLB3013.3
_bH868 2018
080 _a37.064.3
082 0 4 _a371.58
_223
100 1 _aHoyos Botero, Consuelo.
245 1 0 _aBullying o acoso escolar :
_babordaje psicojurídico /
_cConsuelo Hoyos Botero ; auxiliares de investigación, Alejandra Cadavid Zapata, María Isabel Echeverry.
264 1 _aMedellín :
_bEdiciones Unaula,
_c2018.
300 _a1 recurso en línea (136 páginas)
336 _atexto
_btxt
_2rdamedia/spa
337 _acomputadora
_bc
_2rdamedia/spa
338 _arecurso en línea
_2rdacarrier/spa
490 1 _aIus et respublica
504 _aContiene bibliografía.
588 _aDescripción basada en metadatos suministrados por el editor y otras fuentes.
590 _aRecurso electrónico. Santa Fe, Arg.: elibro, 2021. Disponible vía World Wide Web. El acceso puede estar limitado para las bibliotecas afiliadas a elibro.
650 0 _aBullying in schools.
650 0 _aStudents
_xConduct of life.
650 4 _aAcoso escolar.
650 4 _aEstudiantes
_xConducta de vida.
655 4 _aLibros electrónicos.
700 1 _aEcheverry, María Isabel,
_ecolaborador.
700 1 _aCadavid Zapata, Alejandra,
_ecolaborador.
797 2 _aelibro, Corp.
830 0 _aIus et respublica.
856 4 0 _uhttps://elibro.net/ereader/politecnicointernacional/164648
999 _c65808
_d65808